| 000 | 02437cam a2200541 i 4500 | ||
|---|---|---|---|
| 001 | xx004880015 | ||
| 003 | NUKAT | ||
| 005 | 20260429125404.0 | ||
| 008 | 200608s2020 pl a |001 0 pol c | ||
| 020 |
_a9788380988743 _q(oprawa twarda) : _czł 30,00 |
||
| 035 | _a(OCoLC)1413926225 | ||
| 035 | _a(NUKAT)xx004880015 | ||
| 040 |
_aKAT U/JP _bpol _erda _cKAT U/JPs _dKAT U/JP _dPOZN U/EMs _dWA 14/PTs _dOLSZT 008/bak |
||
| 045 | 2 |
_bd1945 _bd1947 |
|
| 046 | _k2020 | ||
| 100 | 1 |
_aOchał, Artur. _eAutor _937321 |
|
| 245 | 1 | 0 |
_aTajemnice strażnicy WOP w Konarach (1945-1947) : _bszabrownictwo, dezercje, morderstwa / _cArtur Ochał. |
| 260 |
_aSzczecin ; _aWarszawa : _bInstytut Pamięci Narodowej - Komisja Ścigania Zbrodni przeciwko Narodowi Polskiemu. Oddział w Szczecinie, _c2020. |
||
| 300 |
_a222 strony : _bilustracje (w tym kolorowe) ; _c25 cm. |
||
| 336 |
_aTekst _btxt _2rdacontent |
||
| 337 |
_aBez urządzenia pośredniczącego _bn _2rdamedia |
||
| 338 |
_aWolumin _bnc _2rdacarrier |
||
| 380 | _aKsiążki | ||
| 380 | _aPublikacje naukowe | ||
| 388 | 1 | _a2001- | |
| 490 | 1 | _aCentralny Projekt Badawczy IPN Wojsko Polskie w Strukturach Państwa w XX Wieku | |
| 504 | _aBibliografia na stronach 203-207. Indeksy. | ||
| 536 | _aPublikacja powstała w ramach Centralnego Projektu Badawczego Instytutu Pamięci Narodowej "Wojsko Polskie w strukturach państwa w XX wieku" | ||
| 600 | 1 | 7 |
_aKajda, Jan _d(1916-2000) _2DBN _940870 |
| 610 | 2 | 7 |
_aWojska Ochrony Pogranicza _2DBN _940871 |
| 610 | 1 | 7 |
_aPolska. _bWojska Ochrony Pogranicza _y1945-1970. _2kaba _940872 |
| 610 | 1 | 7 |
_aPolska. _bWojska Ochrony Pogranicza. _b244 Strażnica. _2kaba _940873 |
| 648 | 7 |
_a1901-2000 _2DBN _934996 |
|
| 648 | 7 |
_a1945-1989 _2DBN _936043 |
|
| 650 | 7 |
_aDezercja _2DBN _940874 |
|
| 650 | 7 |
_aSzabrownictwo _2DBN _940875 |
|
| 650 | 7 |
_aZabójstwo _2DBN _935886 |
|
| 650 | 7 |
_aDezercja _zPolska _y1945-1970. _2kaba _940876 |
|
| 651 | 7 |
_aPolska _2DBN _935076 |
|
| 651 | 7 |
_aŚwierki (woj. dolnośląskie, pow. kłodzki, gm. Nowa Ruda) _2DBN _940877 |
|
| 655 | 7 |
_aOpracowanie _2DBN _935024 |
|
| 658 | _aBezpieczeństwo i wojskowość | ||
| 658 | _aHistoria | ||
| 710 | 2 |
_aInstytut Pamięci Narodowej - Komisja Ścigania Zbrodni przeciwko Narodowi Polskiemu. _bOddział (Szczecin). _eWydawca _4pbl _914486 |
|
| 830 | 0 |
_aWojsko Polskie w Strukturach Państwa w XX Wieku _939460 |
|
| 920 | _a978-83-8098-874-3 (oprawa twarda) : zł 30,00 | ||
| 942 |
_2ddc _cBK_NM |
||
| 999 |
_c27867 _d27867 |
||